| 000 | 00428nam a2200181Ia 4500 | ||
|---|---|---|---|
| 008 | 170918s9999 xx 000 0 und d | ||
| 020 | _a9780545284400 | ||
| 050 | _bD179 2009 | ||
| 100 | _aDaneshvari, Gitty | ||
| 245 | _aSchool of fear / | ||
| 245 | _cby Gitty Daneshvari. | ||
| 260 | _aNew York : | ||
| 260 | _bScholastic, | ||
| 260 | _c2009 | ||
| 300 | _a339 pages : | ||
| 300 | _billustrations ; | ||
| 300 | _c19cm. | ||
| 999 |
_c344024 _d344024 |
||